000 00762nam a2200289Ia 4500
005 20260324134644.0
008 008 260324s9999 xx 000 0 eng d
020 _a9781315071732
037 _aEBOOK
040 _aCRL
040 _beng
040 _cCRL
041 _2eng
041 _aeng
084 _qCRL
100 _aDiana Mitlin; David Satterthwaite; Jorge E. Hardoy
_91197656
245 0 _aEnvironmental Problems in an Urbanizing World
245 0 _bFinding Solutions in Cities in Africa, Asia and Latin America
260 _bTaylor and Francis
260 _c2001
365 _a
365 _b200
856 _uhttp://www.taylorfrancis.com/books/9781315071732
942 _cEBOOK
999 _c1797950
_d1797950